|
|
|
|
| LEADER |
00000cam a2200000 c 4500 |
| 001 |
275501086 |
| 003 |
DE-627 |
| 005 |
20260206200630.0 |
| 007 |
tu |
| 008 |
180508s1990 gw ||||| 00| ||ger c |
| 015 |
|
|
|a 90,N04,0078
|2 dnb
|
| 015 |
|
|
|a 90,A34,0200
|2 dnb
|
| 016 |
7 |
|
|a 900058889
|2 DE-101
|
| 020 |
|
|
|a 3430137500
|9 3-430-13750-0
|
| 035 |
|
|
|a (DE-627)275501086
|
| 035 |
|
|
|a (DE-603)011765658
|
| 035 |
|
|
|a (DE-576)019859538
|
| 035 |
|
|
|a (DE-599)GBV275501086
|
| 035 |
|
|
|a (OCoLC)246755663
|
| 035 |
|
|
|a (OCoLC)246755663
|
| 035 |
|
|
|a (OCoLC)23142451
|
| 040 |
|
|
|a DE-627
|b ger
|c DE-627
|e rda
|
| 041 |
|
|
|a ger
|
| 044 |
|
|
|c XA-DE
|c XA-AT
|c XD-US
|
| 050 |
|
0 |
|a JC481
|
| 082 |
0 |
|
|a 320.5/33/019
|
| 082 |
0 |
|
|a 320.533019
|q LoC
|2 DDC20oclc
|
| 084 |
|
|
|a POL 166
|2 sfb
|
| 084 |
|
|
|a POL 95
|2 sfb
|
| 084 |
|
|
|a PSY 740 (50)
|2 sfb
|
| 084 |
|
|
|a 11
|a 16
|2 sdnb
|
| 084 |
|
|
|a MC 7200
|2 rvk
|0 (DE-625)rvk/122417:
|
| 084 |
|
|
|a CW 8500
|2 rvk
|0 (DE-625)rvk/19209:
|
| 100 |
1 |
|
|a Hacker, Friedrich
|d 1914-1989
|0 (DE-588)124486436
|0 (DE-627)363380000
|0 (DE-576)294194029
|4 aut
|
| 109 |
|
|
|a Hacker, Friedrich 1914-1989
|a Hacker, Frederick J. 1914-1989
|a Hacker, Friedrich J. 1914-1989
|a Hacker, F. J. 1914-1989
|a Hacker, Fritz 1914-1989
|
| 245 |
1 |
4 |
|a Das Faschismus-Syndrom
|b Psychoanalyse eines aktuellen Phänomens
|c Friedrich Hacker
|
| 264 |
|
1 |
|a Düsseldorf
|a Wien
|a New York
|b Econ-Verl.
|c 1990
|
| 300 |
|
|
|a 140 S.
|c 21 cm
|
| 336 |
|
|
|a Text
|b txt
|2 rdacontent
|
| 337 |
|
|
|a ohne Hilfsmittel zu benutzen
|b n
|2 rdamedia
|
| 338 |
|
|
|a Band
|b nc
|2 rdacarrier
|
| 500 |
|
|
|a Literaturverz. S. 137 - 140
|
| 583 |
1 |
|
|a Archivierung/Langzeitarchivierung gewährleistet
|f SLG
|x XA-DE-BW
|z BfZ
|2 pdager
|5 DE-24
|
| 650 |
|
0 |
|a Fascism
|
| 650 |
|
0 |
|a Psychoanalytic Interpretation
|
| 650 |
|
4 |
|a Psychoanalyse
|
| 653 |
|
0 |
|a Fascism
|a Psychological aspects
|
| 689 |
0 |
0 |
|d s
|0 (DE-588)4047689-3
|0 (DE-627)106193880
|0 (DE-576)209074361
|a Psychoanalyse
|2 gnd
|
| 689 |
0 |
|
|5 DE-101
|
| 689 |
1 |
0 |
|d s
|0 (DE-588)4016494-9
|0 (DE-627)104814462
|0 (DE-576)208916172
|a Faschismus
|2 gnd
|
| 689 |
1 |
|
|5 (DE-627)
|
| 689 |
2 |
0 |
|d s
|0 (DE-588)4047689-3
|0 (DE-627)106193880
|0 (DE-576)209074361
|a Psychoanalyse
|2 gnd
|
| 689 |
2 |
|
|5 (DE-627)
|
| 700 |
1 |
|
|a Mendlewitsch, Doris
|d 1957-
|0 (DE-588)115765255
|0 (DE-627)077456084
|0 (DE-576)165074981
|4 oth
|
| 856 |
4 |
2 |
|u http://scans.hebis.de/HEBCGI/show.pl?01176565_toc.pdf
|m V:DE-605;X:Imageware
|q application/pdf
|3 Inhaltsverzeichnis
|7 1
|
| 889 |
|
|
|w (DE-627)026852799
|
| 889 |
|
|
|w (DE-627)1020598433
|
| 935 |
|
|
|i mdedup
|
| 935 |
|
|
|i Blocktest
|
| 935 |
|
|
|h HEB
|i 0501
|
| 935 |
|
|
|h HEB
|i 0503
|
| 936 |
r |
v |
|a MC 7200
|b Rechtsradikalismus, Faschismus
|k Politologie
|k Geschichte der politischen Philosophie und der Ideologien
|k Ideologien und Massenbewegungen
|k Rechtsradikalismus, Faschismus
|0 (DE-627)1271357666
|0 (DE-625)rvk/122417:
|0 (DE-576)201357666
|
| 936 |
r |
v |
|a CW 8500
|b Politische Psychologie
|k Psychologie
|k Angewandte Psychologie
|k Andere Gebiete der angewandten Psychologie
|k Politische Psychologie
|0 (DE-627)1271516926
|0 (DE-625)rvk/19209:
|0 (DE-576)201516926
|
| 936 |
s |
n |
|a c200
|2 mzub
|
| 936 |
s |
n |
|a m100
|2 mzub
|
| 951 |
|
|
|a BO
|
| ELC |
|
|
|b 1
|
| LOK |
|
|
|0 000 xxxxxcx a22 zn 4500
|
| LOK |
|
|
|0 001 3334945936
|
| LOK |
|
|
|0 003 DE-627
|
| LOK |
|
|
|0 004 275501086
|
| LOK |
|
|
|0 005 20140702120217
|
| LOK |
|
|
|0 008 140702||||||||||||||||ger|||||||
|
| LOK |
|
|
|0 040
|a DE-21-110
|c DE-627
|d DE-21-110
|
| LOK |
|
|
|0 689
|a s
|a Befehlsgehorsam
|
| LOK |
|
|
|0 689
|a s
|a Faschismus
|
| LOK |
|
|
|0 689
|a s
|a Persönlichkeitstheorie
|
| LOK |
|
|
|0 689
|a s
|a Gewaltbereitschaft
|
| LOK |
|
|
|0 689
|a s
|a Neonazismus
|
| LOK |
|
|
|0 852
|z Kein Bestand am IfK; Nachweis für KrimDok
|
| LOK |
|
|
|0 852
|a DE-21-110
|
| LOK |
|
|
|0 852 1
|m v
|9 00
|
| LOK |
|
|
|0 935
|a k110
|
| LOK |
|
|
|0 938
|k v
|
| LOK |
|
|
|0 939
|a 02-07-14
|b l01
|
| ORI |
|
|
|a SA-MARC-krimdoka001.raw
|